[Event "SC Falke Saerbeck 1 - SF Telgte 1"]
[Site "Verbandsliga 2016/2017"]
[Date "2016.11.26"]
[Round "4.5"]
[White "Esser, Peter"]
[Black "Waltermann, Jens"]
[Result "1/2-1/2"]
[WhiteElo "1758"]
[BlackElo "1872"]
[PlyCount "42"]
[EventDate "2016.??.??"]
[SourceDate "2016.09.26"]

1. d4 Nf6 2. Nf3 g6 3. c4 Bg7 4. Nc3 O-O 5. e4 d6 6. Be2 c6 7. h3 Na6 8. Be3
Nc7 9. Qc2 Bd7 10. O-O b5 11. b3 b4 12. Nb1 a5 13. Nbd2 Na6 14. Rad1 c5 15.
Rfe1 cxd4 16. Bxd4 e5 17. Be3 Qc7 18. Nf1 Nc5 19. Ng3 Rfe8 20. Bd3 Bc6 21. Bc1
Rad8 1/2-1/2

[Event "SC Falke Saerbeck 1 - SF Telgte 1"]
[Site "Verbandsliga 2016/2017"]
[Date "2016.11.26"]
[Round "4.7"]
[White "Schenke, Conrad"]
[Black "Lutterbey, Ralf"]
[Result "1/2-1/2"]
[WhiteElo "1661"]
[BlackElo "1903"]
[PlyCount "42"]
[EventDate "2016.??.??"]
[SourceDate "2016.09.26"]

1. e4 d5 2. exd5 Qxd5 3. Nc3 Qa5 4. d4 e5 5. dxe5 Nc6 6. Bb5 Bb4 7. Bd2 Nge7 8.
Nf3 Bg4 9. a3 Bxc3 10. Bxc6+ Nxc6 11. Bxc3 Qc5 12. O-O O-O 13. Re1 Rad8 14. Qe2
Rfe8 15. Qe4 Bh5 16. Rad1 Rxd1 17. Rxd1 Bxf3 18. Qxf3 h6 19. Qg3 Nxe5 20. h3
Ng6 21. Rd7 c6 1/2-1/2

[Event "SC Falke Saerbeck 1 - SF Telgte 1"]
[Site "Verbandsliga 2016/2017"]
[Date "2016.11.26"]
[Round "4.8"]
[White "Bartsch, Rainer"]
[Black "Rex, Dieter"]
[Result "1-0"]
[WhiteElo "1805"]
[BlackElo "1655"]
[PlyCount "117"]
[EventDate "2016.??.??"]
[SourceDate "2016.09.26"]

1. d4 d5 2. Nf3 Nf6 3. e3 Nbd7 4. Nbd2 e6 5. Bd3 c5 6. b3 cxd4 7. exd4 Be7 8.
O-O O-O 9. Re1 b6 10. Ne5 Bb7 11. Bb2 Rc8 12. Rc1 Bb4 13. c3 Bd6 14. Ndf3 Qe7
15. Qe2 Rc7 16. Rc2 Rfc8 17. Rec1 Nf8 18. Ng5 Qd8 19. f4 h6 20. Nh3 Qe7 21. Nf2
N6d7 22. g3 f5 23. Re1 Nf6 24. Ba6 Bxa6 25. Qxa6 Ne4 26. Nxe4 fxe4 27. Rf2 Nd7
28. Nxd7 Qxd7 29. Qe2 Rf8 30. Ref1 Qc8 31. Qe3 b5 32. Rc1 Kh7 33. Rfc2 Qb7 34.
c4 bxc4 35. bxc4 Rxc4 36. Rxc4 dxc4 37. Bc3 Ba3 38. Re1 Kg6 39. Qxe4+ Qxe4 40.
Rxe4 Kf7 41. Re5 Bd6 42. Ra5 Bb8 43. Rc5 Rd8 44. Rxc4 Rd7 45. Kf2 Bc7 46. a4 g6
47. Ke3 Bd8 48. Ke4 Ke7 49. Bb4+ Kf7 50. Rc8 h5 51. a5 Rd5 52. a6 Rd7 53. Bc5
Be7 54. Rb8 Bxc5 55. dxc5 Rd5 56. Rb7+ Kf6 57. c6 Rc5 58. c7 Rc4+ 59. Kd3 1-0

[Event "SF Stadtlohn 1 - Südlohner SV 2"]
[Site "Verbandsliga 2016/2017"]
[Date "2016.12.10"]
[Round "4.1"]
[White "Sparwel, Oliver"]
[Black "Mullink, Jochem"]
[Result "0-1"]
[WhiteElo "1906"]
[BlackElo "2038"]
[PlyCount "44"]
[EventDate "2016.??.??"]
[SourceDate "2016.09.26"]

1. d4 Nf6 2. Nf3 g6 3. g3 Bg7 4. Bg2 O-O 5. O-O d6 6. c4 Nc6 7. Nc3 Bf5 8. Nh4
Bd7 9. e4 a6 10. d5 Na5 11. Qd3 c5 12. b3 b5 13. Bd2 Ng4 14. cxb5 axb5 15. Rac1
c4 16. bxc4 Ne5 17. Qe2 Naxc4 18. Rb1 Nxd2 19. Qxd2 Qa5 20. Rfc1 Rfc8 21. Nf3
Nxf3+ 22. Bxf3 Rxc3 0-1

[Event "SF Stadtlohn 1 - Südlohner SV 2"]
[Site "Verbandsliga 2016/2017"]
[Date "2016.12.10"]
[Round "4.3"]
[White "Schmeing, Manfred"]
[Black "Te Sligte, Bert"]
[Result "0-1"]
[WhiteElo "1765"]
[BlackElo "1828"]
[PlyCount "126"]
[EventDate "2016.??.??"]
[SourceDate "2016.09.26"]

1. e4 e5 2. Nf3 Nc6 3. Bb5 a6 4. Ba4 Nf6 5. Nc3 b5 6. Bb3 Be7 7. O-O O-O 8. d3
d6 9. h3 Na5 10. Ne2 c5 11. Ng3 Bd7 12. c3 Nxb3 13. axb3 Qc7 14. Re1 Rfe8 15.
Bg5 Be6 16. Nf5 Bxf5 17. exf5 Nd5 18. Bxe7 Qxe7 19. Nd2 Nf4 20. Qf3 d5 21. d4
f6 22. Kh2 cxd4 23. g3 d3 24. gxf4 e4 25. Qe3 Qd7 26. b4 Qxf5 27. Nb3 Qd7 28.
Nc5 Qd6 29. Ra5 g5 30. Qg3 Qxf4 31. Qxf4 gxf4 32. Raa1 d2 33. Re2 e3 34. f3 a5
35. Rg1+ Kf7 36. Nd3 axb4 37. cxb4 Rac8 38. Rd1 Rc2 39. Kg2 Rg8+ 40. Kf1 Rg3
41. Rh2 Rxf3+ 42. Ke2 Rg3 43. Nxf4 Rc1 44. Rg2 Rxg2+ 45. Nxg2 d4 46. Nf4 Ke7
47. Nd3 Rc2 48. Kf3 Kd6 49. Ke2 f5 50. Kf3 Kd5 51. Ke2 Kc4 52. h4 Kb3 53. h5
Rc6 54. Ne5 Rh6 55. Nf3 Kc4 56. Ne5+ Kxb4 57. Nd3+ Kc4 58. Nf4 Kb3 59. Kd3 Kxb2
60. Ne2 Rxh5 61. Nxd4 f4 62. Ke2 Kc3 63. Nf3 b4 0-1

[Event "SF Stadtlohn 1 - Südlohner SV 2"]
[Site "Verbandsliga 2016/2017"]
[Date "2016.12.10"]
[Round "4.4"]
[White "Bußwolder, Peter"]
[Black "Musholt, Joachim"]
[Result "1/2-1/2"]
[WhiteElo "1734"]
[BlackElo "1677"]
[PlyCount "42"]
[EventDate "2016.??.??"]
[SourceDate "2016.09.26"]

1. d4 Nf6 2. c4 g6 3. Nc3 Bg7 4. e4 d6 5. Bd3 O-O 6. Nge2 Nc6 7. O-O e5 8. d5
Ne7 9. f4 exf4 10. Bxf4 Ng4 11. Qd2 Ne5 12. Rae1 f5 13. b3 Nxd3 14. Qxd3 fxe4
15. Nxe4 Bf5 16. N2g3 Qd7 17. Nxf5 Nxf5 18. Ng5 Nd4 19. Re4 h6 20. Ne6 Nxe6 21.
Rxe6 g5 1/2-1/2

[Event "SF Stadtlohn 1 - Südlohner SV 2"]
[Site "Verbandsliga 2016/2017"]
[Date "2016.12.10"]
[Round "4.5"]
[White "Emming, Benedikt"]
[Black "Becking, Stefan"]
[Result "1-0"]
[WhiteElo "1749"]
[BlackElo "1671"]
[PlyCount "75"]
[EventDate "2016.??.??"]
[SourceDate "2016.09.26"]

1. e4 c5 2. Nf3 e6 3. Qe2 Nc6 4. g3 d6 5. Bg2 Nf6 6. O-O Be7 7. Nc3 O-O 8. d3
a6 9. Bd2 Bd7 10. Nd1 Qc7 11. c3 Rad8 12. Ne1 d5 13. f4 b5 14. e5 Ne8 15. Nf3
g6 16. Nf2 Ng7 17. g4 a5 18. g5 Nf5 19. Ng4 Kg7 20. Nf6 Rh8 21. Qf2 Bc8 22. Nh4
d4 23. Nxf5+ exf5 24. Nd5 Qa7 25. cxd4 cxd4 26. Rac1 Be6 27. Rxc6 Bxd5 28. Bxd5
Rxd5 29. Rfc1 Rc5 30. R6xc5 Bxc5 31. Bxa5 Qxa5 32. Rxc5 Rd8 33. a3 Kf8 34. Kf1
Ke7 35. Qc2 Rd7 36. Ke2 Qa8 37. Rc6 Qa7 38. Qc5+ 1-0

[Event "SF Stadtlohn 1 - Südlohner SV 2"]
[Site "Verbandsliga 2016/2017"]
[Date "2016.12.10"]
[Round "4.6"]
[White "Wensing, Herbert"]
[Black "van de Laar, Han"]
[Result "1-0"]
[WhiteElo "1689"]
[BlackElo "1634"]
[PlyCount "65"]
[EventDate "2016.??.??"]
[SourceDate "2016.09.26"]

1. e4 c5 2. Nf3 d6 3. d4 cxd4 4. Nxd4 Nf6 5. Nc3 a6 6. Be2 g6 7. Be3 Bg7 8. f3
Bd7 9. Qd2 Nc6 10. g4 h6 11. h4 Qc7 12. O-O-O O-O-O 13. g5 hxg5 14. hxg5 Rxh1
15. Rxh1 Nh5 16. Nd5 Qb8 17. Nb6+ Kc7 18. Nxc6 Bxc6 19. Qa5 Rh8 20. Nd5+ Kd7
21. Nb6+ Kc7 22. Bc4 e6 23. Rd1 Be5 24. f4 Bxf4 25. Nd5+ Kc8 26. Nxf4 Nxf4 27.
Bxf4 e5 28. Be3 Bxe4 29. Bxf7 Bf5 30. Bb6 Rh2 31. Bb3 Re2 32. Ba4 Bxc2 33. Qc3+
1-0

[Event "SF Stadtlohn 1 - Südlohner SV 2"]
[Site "Verbandsliga 2016/2017"]
[Date "2016.12.10"]
[Round "4.7"]
[White "Höing, Johannes"]
[Black "Sholeh, Othman"]
[Result "1-0"]
[WhiteElo "1798"]
[BlackElo "1400"]
[PlyCount "87"]
[EventDate "2016.??.??"]
[SourceDate "2016.09.26"]

1. e4 c5 2. Nc3 d6 3. g3 e6 4. Bg2 Be7 5. Nge2 Nc6 6. d4 cxd4 7. Nxd4 a6 8. Be3
Nxd4 9. Bxd4 e5 10. Be3 Nf6 11. Nd5 Nxd5 12. Qxd5 O-O 13. c4 Qc7 14. Rc1 Be6
15. Qd2 Rad8 16. O-O Rc8 17. b3 Qd7 18. Bb6 h6 19. Rcd1 Bh3 20. f3 Bxg2 21.
Kxg2 Rc6 22. Qe3 Qe6 23. a4 Rfc8 24. Rd5 Bg5 25. Qf2 f5 26. a5 Rf8 27. Qe2 h5
28. exf5 Rxf5 29. f4 Bf6 30. Qe4 g6 31. fxe5 Bxe5 32. Bd4 Rxf1 33. Kxf1 Qh3+
34. Kg1 Bxd4+ 35. Rxd4 Qf5 36. Qxf5 gxf5 37. Rd5 Rc5 38. Rxc5 dxc5 39. Kf2 Kf7
40. Kf3 Kf6 41. Kf4 Kg6 42. Ke5 Kg5 43. h3 Kg6 44. h4 1-0

[Event "SF Stadtlohn 1 - Südlohner SV 2"]
[Site "Verbandsliga 2016/2017"]
[Date "2016.12.10"]
[Round "4.8"]
[White "Söbbing, Ulrich"]
[Black "Schuurmans, Han"]
[Result "0-1"]
[WhiteElo "1514"]
[BlackElo "1542"]
[PlyCount "48"]
[EventDate "2016.??.??"]
[SourceDate "2016.09.26"]

1. d4 e6 2. c4 f5 3. Nc3 Nf6 4. Nf3 Bb4 5. Bd2 O-O 6. e3 d6 7. Bd3 Nbd7 8. O-O
b6 9. a3 Bxc3 10. Bxc3 Bb7 11. Be2 Qe8 12. b4 Qg6 13. Nh4 Qg5 14. g3 Qh6 15.
Bf3 Ne4 16. Bb2 g5 17. Ng2 Ndf6 18. d5 e5 19. Be2 g4 20. Nh4 Bc8 21. Kg2 Ng5
22. f4 gxf3+ 23. Nxf3 Qh3+ 24. Kh1 Ng4 0-1